The Parish register and tithing book of Thomas Hassall of Amwell
| Contributors: | |
|---|---|
| Format: | Print Book |
| Language: | English |
| Subito Delivery Service: | Order now. |
| Check availability: | HBZ Gateway |
| WorldCat: | WorldCat |
| Interlibrary Loan: | Interlibrary Loan for the Fachinformationsdienste (Specialized Information Services in Germany) |
| Published: |
[Hitchin]
Hertfordshire Record Society
1989
|
| In: |
Hertfordshire record publications (5)
Year: 1989 |
| Reviews: | The Parish Register and Tithing Book of Thomas Hassall of Amwell. Edited by S. G. Doree. (Hertfordshire Record Publications, 5.) Pp. xlvii + 281 incl. plates and maps. Ware: Hertfordshire Record Society, 1989. £16.95. 0 95 10728 46 (1991) (Sheils, W. J.)
|
| Series/Journal: | Hertfordshire Record publications
5 |
| Further subjects: | B
Hassall
Thomas
1573-1657
B Parish registers History B Hertfordshire (England) |
MARC
| LEADER | 00000cam a2200000 c 4500 | ||
|---|---|---|---|
| 001 | 140587764 | ||
| 003 | DE-627 | ||
| 005 | 20251222201953.0 | ||
| 007 | tu | ||
| 008 | 940307s1989 xxk||||| 00| ||eng c | ||
| 016 | 7 | |a 0951072846 |2 UK | |
| 020 | |a 0951072846 |c (: No price) |9 0-9510728-4-6 | ||
| 035 | |a (DE-627)140587764 | ||
| 035 | |a (DE-599)GBV140587764 | ||
| 035 | |a (OCoLC)832323236 | ||
| 040 | |a DE-627 |b ger |c DE-627 |e rakwb | ||
| 041 | |a eng | ||
| 044 | |c XA-GB | ||
| 082 | 0 | |a 929.342583 | |
| 084 | |a 1 |2 ssgn | ||
| 084 | |a 15.64 |2 bkl | ||
| 245 | 0 | 4 | |a The Parish register and tithing book of Thomas Hassall of Amwell |c edited by Stephen G. Doree |
| 264 | 1 | |a [Hitchin] |b Hertfordshire Record Society |c 1989 | |
| 300 | |a XXXXVII, 281 S |b Ill., Faks., Kt |c 24 cm | ||
| 336 | |a Text |b txt |2 rdacontent | ||
| 337 | |a ohne Hilfsmittel zu benutzen |b n |2 rdamedia | ||
| 338 | |a Band |b nc |2 rdacarrier | ||
| 490 | 1 | |a Hertfordshire Record publications |v 5 | |
| 583 | 1 | |a Archivierung prüfen |c 20240324 |f DE-4165 |z 1 |2 pdager | |
| 650 | 4 | |a Hassall |x Thomas |x 1573-1657 | |
| 650 | 4 | |a Parish registers |x History | |
| 650 | 4 | |a Hertfordshire (England) | |
| 700 | 1 | |a Doree, Stephen G. |4 oth | |
| 787 | 0 | 8 | |i Rezensiert in |a Sheils, W. J. |t The Parish Register and Tithing Book of Thomas Hassall of Amwell. Edited by S. G. Doree. (Hertfordshire Record Publications, 5.) Pp. xlvii + 281 incl. plates and maps. Ware: Hertfordshire Record Society, 1989. £16.95. 0 95 10728 46 |d 1991 |w (DE-627)1784703486 |
| 810 | 2 | |a Hertfordshire Record Society |t Hertfordshire record publications |v 5 |9 5 |w (DE-627)131053388 |w (DE-576)029740355 |w (DE-600)1104213-8 |7 am | |
| 936 | b | k | |a 15.64 |j Großbritannien |j Irland |x Geschichte |0 (DE-627)181570386 |
| 951 | |a BO | ||
| ELC | |b 1 | ||
| ORI | |a SA-MARC-ixtheo_oa001.raw | ||
| REL | |a 1 | ||
| SUB | |a REL | ||



